Statistics for Top Cities by Murder Rate (2023)

Click here to take the quiz!

General Stats

  • This quiz has been taken 155 times
    (19 since last reset)
  • The average score is 18 of 50

Answer Stats

HintAnswer% Correct
South AfricaCape Town
88%
United StatesDetroit
88%
South AfricaJohannesburg
88%
MexicoTijuana
82%
ColombiaCali
76%
JamaicaKingston
76%
BrazilFortaleza
71%
HondurasTegucigalpa
71%
United StatesBaltimore
65%
MexicoCiudad Juarez
65%
South AfricaDurban
65%
HaitiPort-au-Prince
65%
BrazilRecife
65%
MexicoCancun
59%
BrazilManaus
59%
MexicoAcapulco
53%
EcuadorGuayaquil
53%
BrazilNatal
53%
United StatesNew Orleans
53%
ColombiaCartagena
47%
United StatesCleveland
47%
South AfricaPort Elizabeth
47%
BrazilSalvador
47%
United States (Commonwealth)San Juan
41%
HondurasSan Pedro Sula
41%
MexicoChihuahua
35%
United StatesPhiladelphia
35%
United StatesMemphis
24%
MexicoLeon
18%
United StatesMilwaukee
18%
MexicoCelaya
12%
MexicoCuernavaca
12%
MexicoIrapuato
12%
MexicoObregon
12%
BrazilTeresina
12%
MexicoZacatecas
12%
MexicoColima
6%
ColombiaCucuta
6%
MexicoEnsenada
6%
BrazilMaceio
6%
MexicoMorelia
6%
MexicoSan Luis Potosi
6%
MexicoUruapan
6%
MexicoZamora
6%
ColombiaBuenaventura
0%
BrazilFeira de Santana
0%
BrazilMossoro
0%
ColombiaPalmira
0%
ColombiaSanta Marta
0%
BrazilVitoria de Conquista
0%

Score Distribution

Percentile by Number Answered

Percent of People with Each Score

Your Score History

You have not taken this quiz since the last reset